रांगेय राघव की अनमोल कहानियाँ/ (Record no. 215554)

MARC details
000 -LEADER
fixed length control field 00657nam a22001697a 4500
005 - DATE AND TIME OF LATEST TRANSACTION
control field 20260313141034.0
010 ## - LCCN (DPL NO)
LC control number BACHN26
020 ## - INTERNATIONAL STANDARD BOOK NUMBER
International Standard Book Number 9788119588985
Terms of availability 450.00
037 ## - SOURCE OF ACQUISITION
Source of stock number/acquisition एस.के बुक इंटर नेशनल
082 ## - DEWEY DECIMAL CLASSIFICATION NUMBER
Edition number 1
Classification number
100 ## - MAIN ENTRY--PERSONAL NAME
Personal name रांगेय राघव
245 ## - TITLE STATEMENT
Title रांगेय राघव की अनमोल कहानियाँ/
Statement of responsibility, etc रांगेय राघव
250 ## - EDITION STATEMENT
Edition statement 1
260 ## - PUBLICATION, DISTRIBUTION, ETC. (IMPRINT)
Name of publisher, distributor, etc एस.के बुक इंटर नेशनल
Date of publication, distribution, etc 2026
Place of publication, distribution, etc दिल्ली
300 ## - PHYSICAL DESCRIPTION
Extent 144पृ.
Dimensions 22सेमी(साजिल्द)
942 ## - ADDED ENTRY ELEMENTS (KOHA)
Source of classification or shelving scheme Dewey Decimal Classification
Call number suffix राघव
Item type Hindi Books
Classification part

No items available.


© Delhi Public Library
Hit Counter
free hit counter